Geography Quiz

Random Geography or City Quiz

Africa's Largest Cities Quiz Stats

 Plays Quiz Updated Sep 5, 2019

Score 0/162 Timer 15:00
0 Plays Today
Country City % Correct
EgyptCairo
87.7%
AlgeriaAlgiers
79.2%
South AfricaCape Town
77.4%
South AfricaJohannesburg
76.2%
KenyaNairobi
73.7%
TunisiaTunis
70.9%
EgyptAlexandria
67.6%
LibyaTripoli
67%
EthiopiaAddis Ababa
66.4%
DjiboutiDjibouti
65.6%
MoroccoCasablanca
65.6%
NigeriaLagos
64.5%
Dem. Rep. of the CongoKinshasa
61.9%
MoroccoTangier
61.2%
GhanaAccra
59.6%
SomaliaMogadishu
58.6%
Sierra LeoneFreetown
58.4%
SudanKhartoum
58.4%
AngolaLuanda
57.5%
SenegalDakar
57.2%
ZimbabweHarare
56.9%
South SudanJuba
56%
LiberiaMonrovia
53.8%
Republic of CongoBrazzaville
53.5%
NamibiaWindhoek
51.6%
Guinea-BissauBissau
50%
TanzaniaDar es Salaam
49.8%
UgandaKampala
49.1%
São Tomé and PríncipeSão Tomé
48.7%
MadagascarAntananarivo
48.2%
RwandaKigali
47.3%
Burkina FasoOuagadougou
46.8%
MozambiqueMaputo
46.7%
BotswanaGaborone
46.7%
CameroonYaoundé
46.4%
South AfricaDurban
46.1%
ChadN'Djaména
45.2%
GabonLibreville
44.6%
MaliBamako
44.2%
SeychellesVictoria
44.1%
GuineaConakry
43%
TogoLomé
42.8%
BeninPorto Novo
42.7%
EritreaAsmara
42.4%
BurundiBujumbura
41.8%
NigerNiamey
41.4%
Central African RepublicBangui
41.4%
MalawiLilongwe
40.4%
ZambiaKitwe
39.2%
Cote d'IvoireAbidjan
39.1%
Cabo Verde/Cape VerdePraia
39.1%
MauritiusPort Louis
37.7%
ComorosMoroni
37.5%
eSwatiniMbabane
37.1%
Country City % Correct
LesothoMaseru
36.9%
MauritaniaNouakchott
36.5%
MoroccoFes
35.1%
Equatorial GuineaMalabo
35%
KenyaMombasa
32.6%
EgyptGiza
32.6%
LibyaBenghazi
29.7%
CameroonDouala
27.5%
AlgeriaOran
27.1%
NigeriaKano
25.8%
TanzaniaZanzibar
21.7%
NigeriaIbadan
21.3%
BeninCotonou
20.7%
Sierra LeoneBo
20%
Dem. Rep. of the CongoLubumbashi
18.6%
AlgeriaConstantine
17.8%
GhanaKumasi
16.4%
ZimbabweBulawayo
16.2%
TunisiaSfax
15.8%
SudanOmdurman
15.8%
AngolaN'dalatando
14.6%
ZambiaLusaka
14.5%
MalawiBlantyre
14.1%
BotswanaFrancistown
13.6%
NamibiaWalvis Bay
13.2%
Republic of CongoPointe Noire
12.6%
AngolaHuambo
12.6%
Burkina FasoBobo-Dioulasso
11.5%
Equatorial GuineaBata
11.4%
SudanKhartoum North
11.3%
Dem. Rep. of the CongoMbuji-Mayi
11.1%
MozambiqueNampula
11.1%
Central African RepublicBimbo
10.8%
GhanaTamale
10.7%
The GambiaBundung
10.6%
SomaliaHargeysa
10.5%
South SudanWau
10.4%
EthiopiaAdama
10.3%
GabonPort-Gentil
10.2%
Burkina FasoKoudougou
9.9%
LibyaMisrata
9.8%
BotswanaSelebi-Phikwe
9.6%
NigerZinder
9.4%
KenyaNakuru
9.3%
Cabo Verde/Cape VerdeEspargos
9.3%
ChadAbéché
9.2%
TanzaniaMwanza
9.2%
EthiopiaGondar
9.1%
ZambiaNdola
9%
EritreaKeren
8.9%
Cote d'IvoireBouaké
8.8%
MadagascarToamasina
8.7%
ChadMoundou
8.6%
CameroonBamenda
8.5%
Country City % Correct
UgandaNansana
8.5%
EritreaAssab
8.4%
SenegalThiès
8.3%
Cabo Verde/Cape VerdeMindelo
8.3%
UgandaKira
8.2%
eSwatiniManzini
8.2%
MalawiMzuzu
8.2%
TogoKara
8.1%
South SudanMalakal
8%
BurundiGitega
8%
MozambiqueMatola
7.9%
Central African RepublicBerbérati
7.7%
BeninParakou
7.7%
LiberiaBuchanan
7.6%
The GambiaBrikama
7.5%
São Tomé and PríncipeSantana
7.5%
MaliSikasso
7.3%
Cote d'IvoireDaloa
7.3%
MauritaniaNouadhibou
7.3%
ComorosFomboni
7.3%
DjiboutiDikhil
7.3%
BurundiNgozi
7.2%
MaliKoutiala
7.2%
NamibiaRundu
7.1%
SeychellesAnse Volbert
7.1%
DjiboutiAli Sabieh
7%
TunisiaSousse
7%
The GambiaSukuta
7%
Sierra LeoneKenema
6.9%
SenegalTouba
6.9%
MadagascarAntsirabé
6.9%
Guinea-BissauGabú
6.9%
São Tomé and PríncipeTrindade
6.9%
Republic of CongoDolisie
6.8%
Guinea-BissauBafatá
6.7%
ComorosMutsamudu
6.6%
TogoSokodé
6.6%
MauritiusBeau Bassin-Rose Hill
6.6%
GabonMasuku
6.5%
NigerMaradi
6.4%
MauritaniaKiffa
6.4%
ZimbabweChitungwiza
6.3%
MauritiusVascoas-Phoenix
6.2%
RwandaRuhengeri
6.2%
SomaliaMerca
6.2%
SeychellesAnse Etoile
6.1%
eSwatiniBig Bend
6%
GuineaKankan
5.8%
LesothoMaputsoe
5.8%
LesothoMohale's Hoek
5.8%
LiberiaGbarnga
5.7%
GuineaNzérékoré
5.5%
Equatorial GuineaEbebiyín
5.4%
RwandaGisenyi
3.3%

You're not logged in!

Compare scores with friends on all Sporcle quizzes.
OR
Log In

Sporcle TV

Today on Sporcle TV


Watch our educational content, quiz creation guides, and fun videos on Sporcle TV.

Show Comments

Extras

Top Quizzes Today


Score Distribution

Your Account Isn't Verified!

In order to create a playlist on Sporcle, you need to verify the email address you used during registration. Go to your Sporcle Settings to finish the process.

Report this User

Report this user for behavior that violates our Community Guidelines.

Details: